| 000 | 00517nam a22001577a 4500 | ||
|---|---|---|---|
| 999 |
_c525221 _d525221 |
||
| 003 | NUST | ||
| 038 | _aMr.Zahoor | ||
| 082 | _a005.1 | ||
| 100 |
_aAsad, Muhammad _91343 |
||
| 245 |
_aPrediction of Memberane Protein Using Pseudo Amino Acid Composition with Physiochemical Properties and Dipeptides / _cMuhammad Asad |
||
| 260 |
_aIslamabad : _bCEME - NUST, _c2017. |
||
| 300 |
_av, 64 p. : ill. ; _c30cm. |
||
| 500 | _aHardcover. | ||
| 600 |
_aComputer Software Engineering - MS Thesis. _915681 |
||
| 942 |
_2ddc _cTHE |
||